Quiz Rap Francais Facile - Statistiques

Statistiques générales
  • Ce quiz a été pris 217 fois
  • Le résultat moyen est 6 sur 10
Statistiques - réponses
Question Réponse % Correct
Quel est le prénom Niska ? Stanislas
93%
Qui a fait l'album Destin ? Ninho
89%
D'où vient Zkr ? Roubaix
67%
Je suis un rappeur d'origine sénégalaise et je viens du 92, qui suis-je ? Booba
63%
" J'n'ai qu'confiance qu'en mon Desert Eagle et en Zizou dans les arrêts d'jeu " Cette punchline provient de quelle musique ? Kalash
63%
Avec qui Ninho n'a jamais fait de featuring ? Vald
61%
De quelle origine est Lacrim ? Algérien
56%
Quel album est le plus vendu ? L'école du micro d'argent de IAM
56%
Quel est le premier album de PNL ? Que la famille
49%
Combien Jul a sorti d'album ? 33
37%
Aucun quiz correspondant
Distribution des résultats
% des personnes avec chaque résultat
Percentile par nombre de réponses
Votre historique - résultats
Vous n’avez pas pris ce quiz